000 00449nam a2200157Ia 4500
003 GCL
008 140319s9999 xx 000 0 eng d
040 _aGCL /
_cGCL
082 0 4 _a892.7
_bV
100 1 _aCASTRO, FRANCESCO
245 1 0 _aMATERIALI E RICERCHE SUL NIKAH AL - MUT A : I - FONTI IMAMITE /
_cCASTRO, FRANCESCO
260 _a[S.N] :
_bACCADEMIA NAZIONALE DEI LINCEI ،
_c1974
300 _a126 P
650 0 4 _aMARRIAGE
942 _2ddc
_cBK
999 _c12466
_d12466